ბათუმის შოთა რუსთაველის სახელმწიფო უნივერსიტეტის ბიბლიოთეკა

ბოსტნეული და ბაღჩეული კულტურების ძირითადი მავნებელ-დაავადებები და მათ წინააღმდეგ ბრძოლა საქართველოში / (ბიბ.ჩანაწერი № 52716)

000 -ლიდერი
ფიქსირებული სიგრძის საკონტროლო ველი 02467nam a2200325Ia 4500
001 - საკონტროლო ნომერი
საკონტროლო ველი 19741
003 - საკონტროლო ნომრის იდენტიფიკატორი
საკონტროლო ველი GE_BSU
005 - ბოლო ოპერაციის თარიღი და დრო
საკონტროლო ველი 20200418195530.0
008 - ფიქსირებული სიგრძის მონაცემთა ელემენტები - ზოგადი ინფორმაცია
ფიქსირებული სიგრძის საკონტროლო ველი 181216s||||||||xx |||||||||||||| ||und||
020 ## - წიგნის საერთაშორისო სტანდარტული ნომერი
International Standard Book Number 9789941080647
040 ## - კატალოგიზაციის წყარო
Transcribing agency GE_BSU
041 ## - ენის კოდი
Language code of text/sound track or separate title geo
080 ## - უნივერსალური ათობითი კლასიფიკაციის ინდექსი
Universal Decimal Classification number 635.1/.8 ბ-25
100 ## - მთავარი ჩანაწერი - პიროვნების სახელი
Personal name ბარამიძე, ვლადიმერ
9 (RLIN) 7925
245 ## - ცნობა სათაურის შესახებ
Title ბოსტნეული და ბაღჩეული კულტურების ძირითადი მავნებელ-დაავადებები და მათ წინააღმდეგ ბრძოლა საქართველოში /
Statement of responsibility, etc ვლადიმერ ბარამიძე, ანდრო ხეთერელი, მოსბა კუშადი ; რედაქტორები : მაიკლ ელისი, ბენ მიულერი, როჯერ უილიამსი ; დიზაინი ნატალია ღლონტი.
264 ## - წარმოების, გამოცემის, დისტრიბუციის და სხვა ცნობები
გამოცემის, წარმოების, დისტრიბუციის... ადგილი თბილისი :
გამოცემის, წარმოების, დისტრიბუციის... სახელწოდება სამშობლო,
გამოცემის, წარმოების, დისტრიბუციის... თარიღი 2016.
300 ## - ფიზიკური აღწერა
Extent 232 გვ. :
Other physical details სურ. , სქ. ;
Dimensions 28 სმ.
Accompanying material 1CD
500 ## - ზოგადი შენიშვნა
General note სიტყ. განმარტ. გვ. : 219-221
504 ## - BIBLIOGRAPHY, ETC. NOTE
Bibliography, etc გამოყენ. ლიტ. : გვ. : 223-232
520 ## - SUMMARY, ETC.
Summary, etc სახელმძღვანელო შედგენილია გაეროს განვითარების პროგრამის (UNDP)ხელშეწყობით და ევროკომისიის პროექტ,,მდგრადი სოფლის მეურნეობა აჭარის ავტონომიურ რესპუბლიკაში".
653 ## - INDEX TERM--UNCONTROLLED
Uncontrolled term ბოსტნეული კულტურების დაავადებები და მავნებლები
653 ## - INDEX TERM--UNCONTROLLED
Uncontrolled term სოფლის მეურნეობა
700 ## - ADDED ENTRY--PERSONAL NAME
Personal name ხეთერელი, ანდრო
Relator term ავტორი
9 (RLIN) 7926
700 ## - ADDED ENTRY--PERSONAL NAME
Personal name კუშადი, მოსბა
Relator term ავტორი
9 (RLIN) 7927
700 ## - ADDED ENTRY--PERSONAL NAME
Personal name ელისი, მაიკლ
Relator term რედაქტორი
9 (RLIN) 7928
700 ## - ADDED ENTRY--PERSONAL NAME
Personal name მიულერი, ბენ
Relator term რედაქტორი
9 (RLIN) 7929
700 ## - ADDED ENTRY--PERSONAL NAME
Personal name უილიამსი, როჯერ
Relator term რედაქტორი
9 (RLIN) 7930
700 ## - ADDED ENTRY--PERSONAL NAME
Personal name ღლონტი, ნატალია
Relator term დიზაინი
9 (RLIN) 7931
942 ## - ADDED ENTRY ELEMENTS (KOHA)
Koha item type წიგნი
Source of classification or shelving scheme
ეგზემპლარები
ჩამოწერის სტატუსი დაკარგული ეგზემპლარის სტატუსი კლასიფიკაციის წყარო ან თაროზე გაწყობის სქემა დაზიანების სტატუსი არ გაიცემა მუდმივი მდებარეობა (დაცვის ადგილი) ამჟამინდელი ადგილსამყოფელი თაროზე განთავსების ადგილი შეძენის თარიღი სრული შენახვის შიფრი შტრიხკოდი ბოლო ოპერაციის თარიღი ეგზემპლარის მიმდევრობითი ნომერი (კეტერი?) ფასის ძალაში შესვლის თარიღი ეგზემპლარის სახეობა
          ბათუმის შოთა რუსთაველის სახელმწიფო უნივერსიტეტის მთავარი ბიბლიოთეკა ბათუმის შოთა რუსთაველის სახელმწიფო უნივერსიტეტის მთავარი ბიბლიოთეკა წიგნსაცავი 2018-12-17 635.1/.8 ბ-25 52078 2018-12-17 52078 2018-12-17 წიგნი
          ბათუმის შოთა რუსთაველის სახელმწიფო უნივერსიტეტის მთავარი ბიბლიოთეკა ბათუმის შოთა რუსთაველის სახელმწიფო უნივერსიტეტის მთავარი ბიბლიოთეკა წიგნსაცავი 2018-12-17 635.1/.8 ბ-25 52079 2018-12-17 52079 2018-12-17 წიგნი
          ბათუმის შოთა რუსთაველის სახელმწიფო უნივერსიტეტის მთავარი ბიბლიოთეკა ბათუმის შოთა რუსთაველის სახელმწიფო უნივერსიტეტის მთავარი ბიბლიოთეკა წიგნსაცავი 2018-12-17 635.1/.8 ბ-25 52080 2018-12-17 52080 2018-12-17 წიგნი
          ბათუმის შოთა რუსთაველის სახელმწიფო უნივერსიტეტის მთავარი ბიბლიოთეკა ბათუმის შოთა რუსთაველის სახელმწიფო უნივერსიტეტის მთავარი ბიბლიოთეკა წიგნსაცავი 2018-12-17 635.1/.8 ბ-25 52081 2018-12-17 52081 2018-12-17 წიგნი
          ბათუმის შოთა რუსთაველის სახელმწიფო უნივერსიტეტის მთავარი ბიბლიოთეკა ბათუმის შოთა რუსთაველის სახელმწიფო უნივერსიტეტის მთავარი ბიბლიოთეკა წიგნსაცავი 2018-12-17 635.1/.8 ბ-25 52082 2018-12-17 52082 2018-12-17 წიგნი